<?xml version="1.0" encoding="UTF-8"?>
<record
    xmlns:xsi="http://www.w3.org/2001/XMLSchema-instance"
    xsi:schemaLocation="http://www.loc.gov/MARC21/slim http://www.loc.gov/standards/marcxml/schema/MARC21slim.xsd"
    xmlns="http://www.loc.gov/MARC21/slim">

  <leader>01265nam a22002537a 4500</leader>
  <controlfield tag="003">BD-DhUL</controlfield>
  <controlfield tag="005">20221220151227.0</controlfield>
  <controlfield tag="008">181114s2003    ii a|||| |||| 00| 0 ben  </controlfield>
  <datafield tag="020" ind1=" " ind2=" ">
    <subfield code="a">9789381795408 (pbk)</subfield>
  </datafield>
  <datafield tag="040" ind1=" " ind2=" ">
    <subfield code="a">BD-DhUL</subfield>
    <subfield code="c">BD-DhUL</subfield>
  </datafield>
  <datafield tag="082" ind1=" " ind2=" ">
    <subfield code="a">891.21</subfield>
    <subfield code="b">ACK</subfield>
  </datafield>
  <datafield tag="100" ind1="1" ind2=" ">
    <subfield code="a">&#x986;&#x99A;&#x9BE;&#x9B0;&#x9CD;&#x9AF;&#x9AC;&#x9BE;&#x9AE;&#x9A8;</subfield>
  </datafield>
  <datafield tag="245" ind1="1" ind2="0">
    <subfield code="a">&#x995;&#x9BE;&#x9AC;&#x9CD;&#x9AF;&#x9BE;&#x9B2;&#x982;&#x995;&#x9BE;&#x9B0;&#x9B8;&#x9C2;&#x9A4;&#x9CD;&#x9B0;&#x9AC;&#x9C3;&#x9A4;&#x9CD;&#x9A4;&#x9BF;&#x983; : </subfield>
    <subfield code="b">&#x9AA;&#x9CD;&#x9B0;&#x9A5;&#x9AE; &#x993; &#x9A4;&#x9C3;&#x9A4;&#x9C0;&#x9AF;&#x9BC; &#x985;&#x9A7;&#x9BF;&#x995;&#x9B0;&#x9A3; &#x9B8;&#x9AE;&#x9CD;&#x9AA;&#x9C2;&#x9B0;&#x9CD;&#x9A3; / </subfield>
    <subfield code="c">&#x986;&#x99A;&#x9BE;&#x9B0;&#x9CD;&#x9AF;&#x9AC;&#x9BE;&#x9AE;&#x9A8; ; &#x9B8;&#x9AE;&#x9CD;&#x9AA;&#x9BE;&#x9A6;&#x9A8;&#x9BE;&#x9AF;&#x9BC; &#x985;&#x9A8;&#x9BF;&#x9B2; &#x99A;&#x9A8;&#x9CD;&#x9A6;&#x9CD;&#x9B0; &#x9AC;&#x9B8;&#x9C1; &#x964;</subfield>
  </datafield>
  <datafield tag="250" ind1=" " ind2=" ">
    <subfield code="a">&#x9E8;&#x9AF;&#x9BC; &#x9B8;&#x982;&#x9B8;&#x9CD;&#x995;.</subfield>
  </datafield>
  <datafield tag="260" ind1=" " ind2=" ">
    <subfield code="a">&#x995;&#x9B2;&#x995;&#x9BE;&#x9A4;&#x9BE; : </subfield>
    <subfield code="b">&#x9B8;&#x982;&#x9B8;&#x9CD;&#x995;&#x9C3;&#x9A4; &#x9AC;&#x9C1;&#x995; &#x9A1;&#x9BF;&#x9AA;&#x9CB;, </subfield>
    <subfield code="c">&#x9E8;&#x9E6;&#x9E6;&#x9E9; (&#x9E8;&#x9E6;&#x9E8;&#x9E7;) &#x964;</subfield>
  </datafield>
  <datafield tag="300" ind1=" " ind2=" ">
    <subfield code="a">[&#x9E8;&#x9E6;], &#x9E8;&#x9E8;&#x9EA; &#x9AA;&#x9C3;. : </subfield>
    <subfield code="b">&#x99A;&#x9BF;&#x9A4;&#x9CD;&#x9B0; ; </subfield>
    <subfield code="c">&#x9E8;&#x9E7; &#x9B8;&#x9C7;&#x9AE;&#x9BF;.</subfield>
  </datafield>
  <datafield tag="365" ind1=" " ind2=" ">
    <subfield code="a">IRS</subfield>
    <subfield code="b">175.00</subfield>
  </datafield>
  <datafield tag="365" ind1=" " ind2=" ">
    <subfield code="a">IRS</subfield>
    <subfield code="b">225.00</subfield>
  </datafield>
  <datafield tag="500" ind1=" " ind2=" ">
    <subfield code="a">"&#x9B8;&#x9C1;&#x9A4;&#x9CD;&#x9B0;, &#x9AC;&#x9C3;&#x9A4;&#x9CD;&#x9A4;&#x9BF;, &#x995;&#x9BE;&#x9AE;&#x9A7;&#x9C7;&#x9A8;&#x9C1;&#x99F;&#x9C0;&#x995;&#x9BE;/&#x9B8;&#x9C1;&#x9A4;&#x9CD;&#x9B0;...............&#x9B9;&#x9B0;&#x9AB;&#x9C7; &#x9AE;&#x9C2;&#x9B2; &#x993; &#x9AC;&#x9C3;&#x9A4;&#x9CD;&#x9A4;&#x9BF; &#x9B8;&#x9B9;&#x964;"</subfield>
  </datafield>
  <datafield tag="650" ind1=" " ind2="0">
    <subfield code="a">&#x9B8;&#x982;&#x9B8;&#x9CD;&#x995;&#x9C3;&#x9A4; &#x995;&#x9BE;&#x9AC;&#x9CD;&#x9AF; &#x964;</subfield>
  </datafield>
  <datafield tag="650" ind1=" " ind2="0">
    <subfield code="a">Sanskrit poetry.</subfield>
  </datafield>
  <datafield tag="700" ind1="1" ind2=" ">
    <subfield code="a">&#x9AC;&#x9B8;&#x9C1;, &#x985;&#x9A8;&#x9BF;&#x9B2; &#x99A;&#x9A8;&#x9CD;&#x9A6;&#x9CD;&#x9B0; </subfield>
    <subfield code="e">&#x9B8;&#x9AE;&#x9CD;&#x9AA;&#x9BE;.</subfield>
  </datafield>
  <datafield tag="942" ind1=" " ind2=" ">
    <subfield code="2">ddc</subfield>
    <subfield code="c">BK</subfield>
  </datafield>
  <datafield tag="999" ind1=" " ind2=" ">
    <subfield code="c">244595</subfield>
    <subfield code="d">244595</subfield>
  </datafield>
  <datafield tag="952" ind1=" " ind2=" ">
    <subfield code="0">0</subfield>
    <subfield code="1">0</subfield>
    <subfield code="2">ddc</subfield>
    <subfield code="4">0</subfield>
    <subfield code="6">891_210000000000000_ACK</subfield>
    <subfield code="7">0</subfield>
    <subfield code="8">NFIC</subfield>
    <subfield code="9">372149</subfield>
    <subfield code="a">DUL</subfield>
    <subfield code="b">DUL</subfield>
    <subfield code="c">GEN</subfield>
    <subfield code="d">2018-09-05</subfield>
    <subfield code="e">Purchased</subfield>
    <subfield code="o">891.21 ACK</subfield>
    <subfield code="p">507190</subfield>
    <subfield code="r">2018-11-14</subfield>
    <subfield code="t">1</subfield>
    <subfield code="w">2018-11-14</subfield>
    <subfield code="y">BK</subfield>
    <subfield code="z">Sanskrit</subfield>
  </datafield>
  <datafield tag="952" ind1=" " ind2=" ">
    <subfield code="0">0</subfield>
    <subfield code="1">0</subfield>
    <subfield code="2">ddc</subfield>
    <subfield code="4">0</subfield>
    <subfield code="6">891_210000000000000_ACK</subfield>
    <subfield code="7">0</subfield>
    <subfield code="8">NFIC</subfield>
    <subfield code="9">372150</subfield>
    <subfield code="a">DUL</subfield>
    <subfield code="b">DUL</subfield>
    <subfield code="c">GEN</subfield>
    <subfield code="d">2018-09-05</subfield>
    <subfield code="e">Purchased</subfield>
    <subfield code="o">891.21 ACK</subfield>
    <subfield code="p">507191</subfield>
    <subfield code="r">2018-11-14</subfield>
    <subfield code="t">2</subfield>
    <subfield code="w">2018-11-14</subfield>
    <subfield code="y">BK</subfield>
    <subfield code="z">Sanskrit</subfield>
  </datafield>
  <datafield tag="952" ind1=" " ind2=" ">
    <subfield code="0">0</subfield>
    <subfield code="1">0</subfield>
    <subfield code="2">ddc</subfield>
    <subfield code="4">0</subfield>
    <subfield code="6">891_210000000000000_ACK</subfield>
    <subfield code="7">0</subfield>
    <subfield code="8">NFIC</subfield>
    <subfield code="9">387463</subfield>
    <subfield code="a">DUL</subfield>
    <subfield code="b">DUL</subfield>
    <subfield code="c">GEN</subfield>
    <subfield code="d">2019-05-19</subfield>
    <subfield code="e">Purchased</subfield>
    <subfield code="o">891.21 ACK</subfield>
    <subfield code="p">517066</subfield>
    <subfield code="r">2021-03-11</subfield>
    <subfield code="t">3</subfield>
    <subfield code="y">BK</subfield>
    <subfield code="z">Sanskrit</subfield>
  </datafield>
  <datafield tag="952" ind1=" " ind2=" ">
    <subfield code="0">0</subfield>
    <subfield code="1">0</subfield>
    <subfield code="2">ddc</subfield>
    <subfield code="4">0</subfield>
    <subfield code="6">891_210000000000000_ACK</subfield>
    <subfield code="7">0</subfield>
    <subfield code="8">NFIC</subfield>
    <subfield code="9">387464</subfield>
    <subfield code="a">DUL</subfield>
    <subfield code="b">DUL</subfield>
    <subfield code="c">GEN</subfield>
    <subfield code="d">2019-05-19</subfield>
    <subfield code="e">Purchased</subfield>
    <subfield code="o">891.21 ACK</subfield>
    <subfield code="p">517067</subfield>
    <subfield code="r">2021-03-11</subfield>
    <subfield code="t">4</subfield>
    <subfield code="y">BK</subfield>
    <subfield code="z">Sanskrit</subfield>
  </datafield>
  <datafield tag="952" ind1=" " ind2=" ">
    <subfield code="0">0</subfield>
    <subfield code="1">0</subfield>
    <subfield code="2">ddc</subfield>
    <subfield code="4">0</subfield>
    <subfield code="6">891_210000000000000_ACK</subfield>
    <subfield code="7">0</subfield>
    <subfield code="8">NFIC</subfield>
    <subfield code="9">395380</subfield>
    <subfield code="a">DUL</subfield>
    <subfield code="b">DUL</subfield>
    <subfield code="c">GEN</subfield>
    <subfield code="d">2022-07-21</subfield>
    <subfield code="e">Purchased</subfield>
    <subfield code="o">891.21 ACK</subfield>
    <subfield code="p">526532</subfield>
    <subfield code="r">2022-12-19</subfield>
    <subfield code="t">5</subfield>
    <subfield code="w">2022-12-19</subfield>
    <subfield code="y">BK</subfield>
    <subfield code="z">Sanskrit</subfield>
  </datafield>
  <datafield tag="952" ind1=" " ind2=" ">
    <subfield code="0">0</subfield>
    <subfield code="1">0</subfield>
    <subfield code="2">ddc</subfield>
    <subfield code="4">0</subfield>
    <subfield code="6">891_210000000000000_ACK</subfield>
    <subfield code="7">0</subfield>
    <subfield code="8">NFIC</subfield>
    <subfield code="9">395392</subfield>
    <subfield code="a">DUL</subfield>
    <subfield code="b">DUL</subfield>
    <subfield code="c">GEN</subfield>
    <subfield code="d">2022-07-21</subfield>
    <subfield code="e">Purchased</subfield>
    <subfield code="o">891.21 ACK</subfield>
    <subfield code="p">526533</subfield>
    <subfield code="r">2022-12-20</subfield>
    <subfield code="t">6</subfield>
    <subfield code="w">2022-12-20</subfield>
    <subfield code="y">BK</subfield>
    <subfield code="z">tr. to Sanskrit</subfield>
  </datafield>
  <datafield tag="952" ind1=" " ind2=" ">
    <subfield code="0">0</subfield>
    <subfield code="1">0</subfield>
    <subfield code="2">ddc</subfield>
    <subfield code="4">0</subfield>
    <subfield code="6">891_210000000000000_ACK</subfield>
    <subfield code="7">0</subfield>
    <subfield code="8">NFIC</subfield>
    <subfield code="9">395393</subfield>
    <subfield code="a">DUL</subfield>
    <subfield code="b">DUL</subfield>
    <subfield code="c">GEN</subfield>
    <subfield code="d">2022-07-21</subfield>
    <subfield code="e">Purchased</subfield>
    <subfield code="o">891.21 ACK</subfield>
    <subfield code="p">526534</subfield>
    <subfield code="r">2022-12-20</subfield>
    <subfield code="t">7</subfield>
    <subfield code="w">2022-12-20</subfield>
    <subfield code="y">BK</subfield>
    <subfield code="z">tr. to Sanskrit</subfield>
  </datafield>
</record>
